000 00525nam a2200181Ia 4500
001 13870
005 20260306164832.0
008 260306t2001||||xx |||||||||||||| ||spa||
041 _aESP
082 _a005.43
_bL87
100 _aLópez Camacho, Vicente
_eAUT
245 0 _aLinux:
_bguía de instalación y administración. Configuración y programación de servidores de Internet e Intranet
260 _c2001
300 _axxiii, 684 páginas :
_c24 cm.
650 _aGEN
654 _aCCC
942 _cLIB
_dJUS
_fJUS
_2ddc
_n
999 _c13870
_d13870